header

Baal's priests (Record no. 65406)

MARC details
000 -LEADER
fixed length control field 01663nam a2200385 a 4500
082 04 - DEWEY DECIMAL CLASSIFICATION NUMBER
Classification number 283/.4209032
100 1# - MAIN ENTRY--AUTHOR NAME
Personal name Youngman, Fiona,
245 10 - TITLE STATEMENT
Title Baal's priests
260 ## - PUBLICATION, DISTRIBUTION, ETC. (IMPRINT)
Place of publication Farnham, Surrey, England ;
-- Burlington, Vt. :
Name of publisher Ashgate,
Year of publication c2013.
300 ## - PHYSICAL DESCRIPTION
Number of Pages xvi, 336 p. :
Other physical details ill.
650 #0 - SUBJECT ADDED ENTRY--TOPICAL TERM
Topical Term Anglican Communion
Topical Term Persecution
856 40 - ELECTRONIC LOCATION AND ACCESS
Uniform Resource Identifier http://site.ebrary.com/lib/rucke/Doc?id=10658534

No items available.

© 2026 Rongo University
Contact us: librarian | system librarian | Rongo university